MINERALS IN THIN SECTION (Record no. 343115)

000 -LEADER
fixed length control field 00448 a2200193 4500
003 - CONTROL NUMBER IDENTIFIER
control field OSt
005 - DATE AND TIME OF LATEST TRANSACTION
control field 20180116182631.0
008 - FIXED-LENGTH DATA ELEMENTS--GENERAL INFORMATION
fixed length control field 160615b xxu||||| |||| 00| 0 eng d
020 ## - INTERNATIONAL STANDARD BOOK NUMBER
International Standard Book Number 0
040 ## - CATALOGING SOURCE
Transcribing agency 0
082 ## - DEWEY DECIMAL CLASSIFICATION NUMBER
Classification number 549 PER 2004
100 ## - MAIN ENTRY--PERSONAL NAME
Personal name DEXTER PERKINS
110 ## - MAIN ENTRY--CORPORATE NAME
Corporate name or jurisdiction name as entry element KEVIN R. KENKE
245 ## - TITLE STATEMENT
Title MINERALS IN THIN SECTION
Statement of responsibility, etc. DEXTER PERKINS
250 ## - EDITION STATEMENT
Edition statement 2ND ED
260 ## - PUBLICATION, DISTRIBUTION, ETC.
Date of publication, distribution, etc. 2004
300 ## - PHYSICAL DESCRIPTION
Extent 163 p.
Other physical details HB
942 ## - ADDED ENTRY ELEMENTS (KOHA)
Institution code [OBSOLETE] NBS
Koha item type Book
Call number prefix 549 PER
Source of classification or shelving scheme
Holdings
Withdrawn status Lost status Damaged status Not for loan Permanent Location Current Location Date acquired Total Checkouts Full call number Barcode Date last seen Price effective from Koha item type
        Central Library (CL) Central Library (CL) 08/28/2013   549 PER NBSD-631 06/15/2016 08/28/2013 Book
© 2023 Central Library, National University of Sciences and Technology. All Rights Reserved.